[Event "Shanghai COITCT 2019"]
[Site "Shanghai"]
[Date "2019.09.17"]
[Round "6.9"]
[White "Zarubitski, Viachaslau"]
[Black "Waqar, Ahmad Madni"]
[Result "1-0"]
[WhiteElo "2435"]
[BlackElo "1979"]
[Annotator "ChessBase"]
[PlyCount "93"]
[EventDate "2019.09.15"]
[EventType "team-tourn"]
[EventCountry "CHN"]
[SourceTitle "playchess.com"]
[Source "ChessBase"]
[SourceQuality "1"]
[TimeControl "1500+10"]

1. e4 {[%emt 0:00:00]} c5 {[%emt 0:00:00]} 2. Nf3 {[%emt 0:00:00]} d6 {[%emt 0:00:00]} 3. d4 {[%emt 0:00:00]} cxd4 {[%emt 0:00:00]} 4. Nxd4 {[%emt 0:00:00]} Nf6 {[%emt 0:00:00]} 5. Nc3 {[%emt 0:00:00]} a6 {[%emt 0:00:00]} 6. Be3 {[%emt 0:00:00]} e5 {[%emt 0:00:00]} 7. Nb3 {[%emt 0:00:00]} Be6 {[%emt 0:00:00]} 8. Qd2 {[%emt 0:00:01]} Nbd7 {[%emt 0:00:01]} 9. O-O-O {[%emt 0:00:06]} Qc7 {[%emt 0:00:04]} 10. f4 {[%emt 0:00:13]} Be7 {[%emt 0:00:07]} 11. Kb1 {[%emt 0:00:21]} Rc8 {[%emt 0:00:12]} 12. h3 {[%emt 0:00:11]} h5 {[%emt 0:00:03]} 13. f5 {[%emt 0:00:12]} Bc4 {[%emt 0:00:02]} 14. Bd3 {[%emt 0:00:01]} b5 {[%emt 0:00:03]} 15. Qf2 {[%emt 0:01:07]} b4 {[%emt 0:01:01]} 16. Na4 {[%emt 0:01:31]} d5 {[%emt 0:04:37]} 17. Nb6 {[%emt 0:01:47]} Nxb6 {[%emt 0:06:49]} 18. Bxb6 {[%emt 0:00:02]} Qc6 {[%emt 0:00:40]} 19. Na5 {[%emt 0:03:20]} Qb5 {[%emt 0:00:24]} 20. exd5 {[%emt 0:00:23]} Bxd3 {[%emt 0:00:16]} 21. Rxd3 {[%emt 0:00:02]} Nxd5 {[%emt 0:00:30]} 22. f6 {[%emt 0:05:30]} gxf6 {[%emt 0:02:05]} 23. Ba7 {[%emt 0:06:47]} Qxa5 {[%emt 0:01:35]} 24. Qf5 {[%emt 0:00:03]} Rd8 {[%emt 0:03:26]} 25. Rhd1 {[%emt 0:00:01]} Rg8 {[%emt 0:00:57]} 26. g4 {[%emt 0:02:59]} hxg4 {[%emt 0:00:43]} 27. hxg4 {[%emt 0:00:03]} Qb5 {[%emt 0:00:35]} 28. Qh7 {[%emt 0:01:25]} Rxg4 {[%emt 0:01:37]} 29. Ka1 {[%emt 0:00:16]} Qc4 {[%emt 0:00:53]} 30. Bb6 {[%emt 0:01:07]} Rd6 {[%emt 0:00:29]} 31. Qh8+ {[%emt 0:00:07]} Bf8 {[%emt 0:00:09]} 32. Bf2 {[%emt 0:01:19]} Qxc2 {[%emt 0:00:22]} 33. R3d2 {[%emt 0:00:02]} Qc4 {[%emt 0:00:24]} 34. Qh1 {[%emt 0:00:15]} e4 {[%emt 0:00:08]} 35. Rc1 {[%emt 0:00:00]} Qb5 {[%emt 0:00:14]} 36. Qd1 {[%emt 0:01:04]} Rg5 {[%emt 0:00:13]} 37. Bh4 {[%emt 0:00:04]} Rf5 {[%emt 0:00:16]} 38. Bg3 {[%emt 0:00:19]} Rd7 {[%emt 0:00:08]} 39. Rd4 {[%emt 0:00:30]} Ne3 {[%emt 0:00:36]} 40. Rc8+ {[%emt 0:00:19]} Ke7 {[%emt 0:00:10]} 41. Rxe4+ {[%emt 0:00:10]} Re5 {[%emt 0:00:01]} 42. Qb1 {[%emt 0:00:12]} Qd5 {[%emt 0:00:17]} 43. Bxe5 {[%emt 0:00:03]} fxe5 {[%emt 0:00:02]} 44. Rxe3 {[%emt 0:00:01]} Bh6 {[%emt 0:00:39]} 45. Re1 {[%emt 0:00:13]} f6 {[%emt 0:00:13]} 46. Qh7+ {[%emt 0:00:07]} Ke6 {[%emt 0:00:13]} 47. Qxh6 {[%emt 0:00:01]} 1-0

[Event "Shanghai COITCT 2019"]
[Site "Shanghai"]
[Date "2019.09.17"]
[Round "6.10"]
[White "Idani, Pouya"]
[Black "Xu, Yinglun"]
[Result "1-0"]
[WhiteElo "2586"]
[BlackElo "2565"]
[Annotator "TA"]
[PlyCount "65"]
[EventDate "2019.09.15"]
[EventType "team-tourn"]
[EventCountry "CHN"]
[SourceTitle "playchess.com"]
[Source "ChessBase"]
[SourceQuality "1"]

{[%evp 12,65,18,15,13,0,13,9,35,2,49,2,2,0,0,0,-10,-24,39,0,0,0,0,-24,-37,-38,0,0,-2,-36,-2,-18,-11,-25,0,-6,23,12,154,158,161,110,299,288,281,277,287,262,523,523,523,523,523,523,29988,29989]} 1. e4 e6 2. d4 d5 3. e5 c5 4. c3 Nc6 5. Nf3 Qb6 6. a3 Nh6 7. Bd3 cxd4 {C02: French: Advance Variation} 8. O-O Nf5 9. b4 $146 (9. Bxf5 exf5 10. cxd4 Be6 11. Nc3 h6 12. b4 Rc8 13. Qd3 Qd8 14. Bd2 g5 15. Ne2 f4 16. g3 Qd7 17. gxf4 Bf5 18. Qe3 Be4 19. Ng3 gxf4 20. Qxf4 {½-½ (48) Esipenko,A (2616)-Studer,N (2514) Karlsruhe 2019}) 9... Bd7 {The position is equal.} 10. Ra2 {[%mdl 1024] White has compensation.} a6 11. Re1 (11. Bxf5 $5 exf5 12. cxd4 $14) 11... h6 12. Rc2 Be7 13. Bb2 dxc3 14. Nxc3 {Bxf5 is the strong threat.} Ncd4 ({Black should try} 14... Nfd4 $11 15. Na4 Qd8 16. Nxd4 Nxd4 {[%mdl 64] Discovered Attack}) 15. Rc1 h5 16. Nxd4 Nxd4 17. Bb1 {Strongly threatening Nxd5!} Nc6 18. Na4 Qd8 19. Nc5 $36 {[%mdl 2048] White fights for an advantage.} Rb8 20. Rc3 (20. Bd3 {looks sharper.} g6 21. Qd2 Kf8 22. Rc2 Kg8 23. Rec1) 20... Bxc5 (20... Na7 {is more complex.} 21. Qc2 Bb5 22. Rg3 b6 23. Nb3 Rc8) 21. Rxc5 Ne7 22. Qf3 Bc6 23. Bd4 Qd7 24. Rec1 Nf5 (24... Kf8 $11 {keeps the balance.}) 25. Bxf5 $1 $16 exf5 26. a4 (26. e6 $18 fxe6 27. Qg3) 26... O-O $2 (26... Qe6 $16) 27. b5 $1 $18 ({Not} 27. Qxh5 Rfe8 $16) 27... axb5 28. axb5 Bxb5 {[#]} 29. e6 $1 {[%cal Re6d7]} fxe6 $2 {[#]} (29... Qxe6 {is a better defense.} 30. Rxb5 Qe4) 30. Rc7 $1 {[%cal Rc7d7]} Rfc8 31. Qf4 Rxc7 32. Rxc7 Ra8 {intending ...e5.} 33. Rxd7 {Accuracy: White = 48%, Black = 23%.} 1-0

[Event "Shanghai COITCT 2019"]
[Site "Shanghai"]
[Date "2019.09.17"]
[Round "6.11"]
[White "Bai, Jinshi"]
[Black "Darini, Pouria"]
[Result "1/2-1/2"]
[WhiteElo "2591"]
[BlackElo "2428"]
[Annotator "TA"]
[PlyCount "56"]
[EventDate "2019.09.15"]
[EventType "team-tourn"]
[EventCountry "CHN"]
[SourceTitle "playchess.com"]
[Source "ChessBase"]
[SourceQuality "1"]

{[%evp 16,56,31,21,16,7,18,18,39,-30,-28,-28,-28,-28,-28,-28,-28,-28,-28,-28,-28,-28,-28,-28,-13,-28,-22,-24,-22,-28,0,0,0,0,13,0,0,0,36,29,88,98,102]} 1. Nf3 Nf6 2. c4 g6 3. Nc3 Bg7 4. e4 O-O 5. d4 d6 6. h3 e5 7. d5 a5 8. g4 Na6 9. Be3 Nd7 {E90: King's Indian: Classical: Early deviations and 6 h3} (9... Nc5 10. Nd2 c6 11. Be2 a4 12. h4 Qa5 13. f3 a3 14. Qc2 axb2 15. Qxb2 h5 16. g5 Nfd7 17. O-O f6 18. Kg2 Qd8 19. Nb3 fxg5 20. hxg5 {½-½ (67) Nepomniachtchi,I (2757)-Grischuk,A (2766) chess.com INT 2018}) 10. a3 Nb6 11. Nd2 $146 ({Predecessor:} 11. Rg1 Bd7 12. Nd2 Kh8 13. g5 f5 14. h4 Nc5 15. h5 {1-0 (51) Schlosser,P (2501)-Henrichs,T (2482) Bregenz 2017}) 11... Bf6 {The position is equal.} 12. h4 (12. Qf3 $14) 12... Bxh4 $11 13. Qf3 {Threatening Qh3.} Bg5 $1 14. Qh3 {[%csl Gh1][%cal Rh3h7] [#]} h5 15. Be2 $1 Kg7 16. Qh2 $1 Bxe3 17. fxe3 {[#]} h4 $1 {[%mdl 512]} 18. Qxh4 Qxh4+ 19. Rxh4 Bd7 20. Kf2 Rh8 21. Rxh8 Rxh8 22. b3 Nc5 23. Kg3 Ra8 24. Rc1 Nc8 25. Nb5 c6 26. Nc3 Ne7 27. b4 axb4 (27... Na6 $1 $11 {remains equal.}) 28. axb4 $16 Na4 {Accuracy: White = 78%, Black = 61%.} 1/2-1/2

[Event "Shanghai COITCT 2019"]
[Site "Shanghai"]
[Date "2019.09.17"]
[Round "6.12"]
[White "Gholami, Aryan"]
[Black "Wen, Yang"]
[Result "1-0"]
[WhiteElo "2542"]
[BlackElo "2586"]
[Annotator "TA"]
[PlyCount "83"]
[EventDate "2019.09.15"]
[EventType "team-tourn"]
[EventCountry "CHN"]
[SourceTitle "playchess.com"]
[Source "ChessBase"]
[SourceQuality "1"]

{[%evp 9,83,3,6,6,2,-14,-12,-18,-27,-24,-34,-18,-31,-42,-50,-96,-104,-95,-102,-100,-101,-93,-84,-102,-105,-117,-109,-106,-111,-120,-120,-116,-102,-105,-116,-104,-103,-133,-139,-148,-123,-133,-129,-119,-116,-142,-142,-127,-135,-126,-118,-281,-272,-289,-299,-281,-160,-222,-189,-175,1,3,145,0,24,24,84,104,472,385,501,393,495,494,470,466]} 1. Nf3 d5 2. d4 Nf6 3. Bf4 Bf5 4. e3 e6 5. Be2 Bd6 6. Ne5 {D02: 1 d4 d5 2 Nf3 sidelines, including 2...Nf6 3 g3 and 2...Nf6 3 Bf4} (6. Bg3 O-O 7. Nbd2 c5 8. c3 Nc6 9. Qa4 Ne4 10. Nxe4 Bxe4 11. Qb5 a6 12. Qb3 b5 13. O-O Bxg3 14. hxg3 cxd4 15. cxd4 Bxf3 16. gxf3 {1-0 (38) Aronian,L (2767)-Giri,A (2782) chess.com INT 2018}) 6... Nfd7 7. Nf3 $146 ({Predecessor:} 7. g4 Be4 8. f3 Bg6 9. h4 Bxe5 10. dxe5 h5 11. Bg5 f6 12. exf6 gxf6 13. gxh5 fxg5 14. hxg6 gxh4 {½-½ (42) Sadhwani,R (2455)-Assaubayeva,B (2376) Dubai 2019}) 7... Bxf4 8. exf4 {The position is equal.} O-O 9. O-O c5 10. dxc5 Nxc5 11. Nd4 Bg6 12. Nd2 Qf6 $1 {[%cal Rf6d4]} 13. N2b3 Nxb3 $1 14. axb3 Qxf4 15. c3 Nd7 {[%cal Bb8d7,Bd7f6,Bf6e4][%mdl 32]} 16. Ra4 Qc7 17. Qd2 a6 18. b4 Rad8 19. Ra5 e5 20. Nf3 Nf6 21. Rfa1 Rfe8 22. b5 Ne4 23. Qe1 Nc5 {White must now prevent ...Nb3.} 24. Qd1 {[%cal Rb5a6]} b6 25. Rxa6 Nxa6 26. bxa6 Qc5 27. Qa4 {With the idea a7.} d4 28. a7 Be4 29. Bb5 Rf8 $1 30. Re1 $2 (30. cxd4 $17 exd4 31. Nd2) 30... dxc3 31. Qxe4 {And now Bc4 would win.} Qxb5 32. bxc3 Qd5 ({Black should try} 32... f6 $19 33. Ra1 Ra8) 33. Qxe5 (33. Qxd5 $17 Rxd5 34. Nxe5) 33... Qb7 34. Nd4 g6 $2 (34... Qd7 $1 $19 {...Rfe8 is the strong threat.} 35. Nf5 f6) 35. h4 Rc8 {[#]} (35... Qc8 $11 36. Qg3 Qd7) 36. Qf6 (36. h5 $1 $16 {Threatens to win with Qf6.} Qxa7 {[#]} 37. Nc6 $1 {[%mdl 512]} Rxc6 38. h6) 36... Rfe8 37. Ra1 $40 {[%mdl 128] Strongly threatening h5! White is up to no good.} h5 (37... Ra8 $1 $11 {remains equal.}) 38. Nb5 $16 {aiming for Nd6.} Re6 $2 {[%mdl 8192]} (38... Rf8 $16 {is tougher.}) 39. Qf3 Qe7 {intending ...Re1+.} 40. a8=Q Rxa8 41. Rxa8+ Kg7 {Threatening ...Re1+.} 42. g3 {Accuracy: White = 43%, Black = 55%.} 1-0

[Event "Shanghai COITCT 2019"]
[Site "Shanghai"]
[Date "2019.09.17"]
[Round "6.13"]
[White "Venkatesh, M.R."]
[Black "Nigmatov, Ortik"]
[Result "0-1"]
[WhiteElo "2481"]
[BlackElo "2482"]
[Annotator "ChessBase"]
[PlyCount "66"]
[EventDate "2019.09.15"]
[EventType "team-tourn"]
[EventCountry "CHN"]
[SourceTitle "playchess.com"]
[Source "ChessBase"]
[SourceQuality "1"]
[TimeControl "1500+10"]

1. Nf3 {[%emt 0:00:00]} Nf6 {[%emt 0:00:00]} 2. g3 {[%emt 0:00:00]} g6 {[%emt 0:00:00]} 3. Bg2 {[%emt 0:00:00]} Bg7 {[%emt 0:00:00]} 4. d4 {[%emt 0:00:01]} O-O {[%emt 0:00:00]} 5. O-O {[%emt 0:00:02]} d6 {[%emt 0:00:00]} 6. a4 {[%emt 0:00:02]} c6 {[%emt 0:00:00]} 7. Re1 {[%emt 0:00:03]} Qc7 {[%emt 0:00:03]} 8. e4 {[%emt 0:00:20]} e5 {[%emt 0:00:04]} 9. Nc3 {[%emt 0:00:04]} Nbd7 {[%emt 0:00:06]} 10. h3 {[%emt 0:00:09]} Re8 {[%emt 0:00:06]} 11. Be3 {[%emt 0:03:00]} b6 {[%emt 0:00:15]} 12. Qd2 {[%emt 0:05:12]} Rb8 {[%emt 0:00:26]} 13. Rad1 {[%emt 0:00:23]} a6 {[%emt 0:00:18]} 14. Bh6 {[%emt 0:01:35]} b5 {[%emt 0:00:55]} 15. axb5 {[%emt 0:00:23]} axb5 {[%emt 0:00:01]} 16. Nh4 {[%emt 0:01:40]} Bxh6 {[%emt 0:03:36]} 17. Qxh6 {[%emt 0:00:18]} exd4 {[%emt 0:00:03]} 18. Ne2 {[%emt 0:02:29]} c5 {[%emt 0:00:43]} 19. Nf4 {[%emt 0:00:03]} Bb7 {[%emt 0:00:42]} 20. g4 {[%emt 0:00:08]} Qd8 {[%emt 0:07:58]} 21. g5 {[%emt 0:01:06]} Nxe4 {[%emt 0:00:28]} 22. Nf3 {[%emt 0:08:19]} Ne5 {[%emt 0:00:46]} 23. Re2 {[%emt 0:01:13]} Nxf3+ {[%emt 0:03:15]} 24. Bxf3 {[%emt 0:00:02]} Re5 {[%emt 0:01:15]} 25. h4 {[%emt 0:00:56]} Qd7 {[%emt 0:00:23]} 26. Nd3 {[%emt 0:01:15]} Re7 {[%emt 0:00:02]} 27. Rde1 {[%emt 0:00:09]} Rbe8 {[%emt 0:00:01]} 28. Bg2 {[%emt 0:00:06]} c4 {[%emt 0:00:34]} 29. Nb4 {[%emt 0:00:33]} Ng3 {[%emt 0:03:21]} 30. Rxe7 {[%emt 0:00:13]} Rxe7 {[%emt 0:00:01]} 31. Ra1 {[%emt 0:00:13]} Nf5 {[%emt 0:00:25]} 32. Bh3 {[%emt 0:00:07]} Qe6 {[%emt 0:00:24]} 33. h5 {[%emt 0:00:15]} Qe4 {[%emt 0:00:07]} 0-1

[Event "Shanghai COITCT 2019"]
[Site "Shanghai"]
[Date "2019.09.17"]
[Round "6.14"]
[White "Kurbonboeva, Sarvinoz"]
[Black "Krishna C R G"]
[Result "1-0"]
[WhiteElo "2262"]
[BlackElo "2446"]
[Annotator "ChessBase"]
[PlyCount "91"]
[EventDate "2019.09.15"]
[EventType "team-tourn"]
[EventCountry "CHN"]
[SourceTitle "playchess.com"]
[Source "ChessBase"]
[SourceQuality "1"]
[TimeControl "1500+10"]

1. d4 {[%emt 0:00:00]} Nf6 {[%emt 0:00:00]} 2. c4 {[%emt 0:00:00]} c6 {[%emt 0:00:00]} 3. Nf3 {[%emt 0:00:23]} d5 {[%emt 0:00:00]} 4. Nc3 {[%emt 0:00:08]} a6 {[%emt 0:00:00]} 5. cxd5 {[%emt 0:00:13]} cxd5 {[%emt 0:00:00]} 6. Bf4 {[%emt 0:00:03]} Nc6 {[%emt 0:00:01]} 7. Ne5 {[%emt 0:00:16]} Qb6 {[%emt 0:01:05]} 8. Nxc6 {[%emt 0:00:06]} bxc6 {[%emt 0:00:02]} 9. Qd2 {[%emt 0:00:04]} Bf5 {[%emt 0:00:34]} 10. f3 {[%emt 0:00:34]} e6 {[%emt 0:00:11]} 11. a3 {[%emt 0:00:09]} Be7 {[%emt 0:02:03]} 12. Rc1 {[%emt 0:00:11]} Nd7 {[%emt 0:04:07]} 13. e4 {[%emt 0:02:17]} dxe4 {[%emt 0:00:40]} 14. fxe4 {[%emt 0:00:00]} Bg6 {[%emt 0:00:01]} 15. Be2 {[%emt 0:00:01]} O-O {[%emt 0:00:03]} 16. O-O {[%emt 0:00:49]} e5 {[%emt 0:00:24]} 17. Be3 {[%emt 0:00:14]} exd4 {[%emt 0:00:02]} 18. Bxd4 {[%emt 0:00:08]} Bc5 {[%emt 0:00:03]} 19. Bxc5 {[%emt 0:00:51]} Nxc5 {[%emt 0:01:06]} 20. Qe3 {[%emt 0:00:02]} Rab8 {[%emt 0:00:02]} 21. b4 {[%emt 0:00:38]} Nxe4 {[%emt 0:04:57]} 22. Qxb6 {[%emt 0:00:02]} Rxb6 {[%emt 0:00:02]} 23. Na4 {[%emt 0:00:01]} Rbb8 {[%emt 0:00:29]} 24. Rxc6 {[%emt 0:01:49]} Nd2 {[%emt 0:03:31]} 25. Rd1 {[%emt 0:03:19]} Rbd8 {[%emt 0:00:04]} 26. Nc3 {[%emt 0:01:10]} Rfe8 {[%emt 0:01:51]} 27. Rxa6 {[%emt 0:00:57]} h6 {[%emt 0:02:07]} 28. Kf2 {[%emt 0:01:14]} Rd4 {[%emt 0:03:28]} 29. Ke1 {[%emt 0:01:21]} Red8 {[%emt 0:00:02]} 30. Nb5 {[%emt 0:03:49]} R4d7 {[%emt 0:00:55]} 31. Rd6 {[%emt 0:00:22]} Rxd6 {[%emt 0:00:04]} 32. Nxd6 {[%emt 0:00:01]} Nb1 {[%emt 0:00:01]} 33. Nb5 {[%emt 0:01:00]} Ra8 {[%emt 0:01:41]} 34. Kf2 {[%emt 0:04:47]} Ra6 {[%emt 0:00:01]} 35. Rd6 {[%emt 0:00:01]} Ra8 {[%emt 0:00:10]} 36. Bf3 {[%emt 0:00:37]} Rb8 {[%emt 0:00:11]} 37. a4 {[%emt 0:00:22]} Bc2 {[%emt 0:00:01]} 38. Bd1 {[%emt 0:00:11]} Be4 {[%emt 0:00:02]} 39. Bb3 {[%emt 0:00:25]} Kf8 {[%emt 0:00:55]} 40. Rd7 {[%emt 0:00:33]} Bg6 {[%emt 0:00:01]} 41. Rd1 {[%emt 0:00:17]} Rc8 {[%emt 0:00:34]} 42. a5 {[%emt 0:00:43]} Rb8 {[%emt 0:00:01]} 43. Bc4 {[%emt 0:00:28]} Rc8 {[%emt 0:00:01]} 44. Be2 {[%emt 0:00:14]} Ra8 {[%emt 0:00:10]} 45. Bf3 {[%emt 0:00:40]} Ra6 {[%emt 0:00:33]} 46. Rd6 {[%emt 0:00:34]} 1-0

[Event "Shanghai COITCT 2019"]
[Site "Shanghai"]
[Date "2019.09.17"]
[Round "6.15"]
[White "Kulkarni Bhakti"]
[Black "Baymuratova, Sevara"]
[Result "1-0"]
[WhiteElo "2429"]
[BlackElo "2126"]
[Annotator "NA"]
[PlyCount "26"]
[EventDate "2019.09.15"]
[EventType "team-tourn"]
[EventCountry "CHN"]
[SourceTitle "playchess.com"]
[Source "ChessBase"]
[SourceQuality "1"]
[TimeControl "1500+10"]

1. c4 {[%emt 0:00:00]} d5 {[%emt 0:00:00]} 2. e3 {[%emt 0:00:08]} Nf6 {[%emt 0:00:00]} 3. Nc3 {[%emt 0:00:10]} c6 {[%emt 0:00:00]} 4. Nf3 {[%emt 0:00:10]} b6 {[%emt 0:00:09]} 5. d4 {[%emt 0:00:10]} Bb7 {[%emt 0:00:10]} 6. Bd3 {[%emt 0:00:10]} e6 {[%emt 0:00:10]} 7. Qc2 {[%emt 0:00:10]} Be7 {[%emt 0:00:10]} 8. O-O {[%emt 0:00:10]} Nbd7 {[%emt 0:00:10]} 9. b3 {[%emt 0:00:10]} O-O {[%emt 0:00:10]} 10. Bb2 {[%emt 0:00:10]} Rc8 {[%emt 0:00:10]} 11. Rfe1 {[%emt 0:00:10]} Qc7 {[%emt 0:00:10]} 12. Ne5 {[%emt 0:00:10]} h6 {[%emt 0:00:10]} 13. Nxd7 {[%emt 0:00:10]} Nxd7 {[%emt 0:00:10]} 1-0

[Event "Shanghai COITCT 2019"]
[Site "Shanghai"]
[Date "2019.09.17"]
[Round "7.1"]
[White "Nigmatov, Ortik"]
[Black "Karimov, Alisher"]
[Result "1/2-1/2"]
[WhiteElo "2482"]
[BlackElo "2251"]
[Annotator "ChessBase"]
[PlyCount "106"]
[EventDate "2019.09.15"]
[EventType "team-tourn"]
[EventCountry "CHN"]
[SourceTitle "playchess.com"]
[Source "ChessBase"]
[SourceQuality "1"]
[TimeControl "1500+10"]

1. e4 {[%emt 0:00:00]} e5 {[%emt 0:00:00]} 2. Nf3 {[%emt 0:00:00]} Nc6 {[%emt 0:00:00]} 3. Bc4 {[%emt 0:00:00]} Nf6 {[%emt 0:00:16]} 4. d3 {[%emt 0:00:00]} h6 {[%emt 0:00:03]} 5. c3 {[%emt 0:00:13]} d6 {[%emt 0:00:10]} 6. O-O {[%emt 0:00:08]} g6 {[%emt 0:00:02]} 7. d4 {[%emt 0:00:01]} Qe7 {[%emt 0:00:04]} 8. dxe5 {[%emt 0:00:14]} Nxe5 {[%emt 0:00:02]} 9. Nxe5 {[%emt 0:00:04]} dxe5 {[%emt 0:00:01]} 10. Qe2 {[%emt 0:01:35]} Bg7 {[%emt 0:00:02]} 11. f3 {[%emt 0:00:11]} O-O {[%emt 0:00:03]} 12. Be3 {[%emt 0:00:02]} Be6 {[%emt 0:00:26]} 13. Nd2 {[%emt 0:00:09]} Nd7 {[%emt 0:00:57]} 14. b4 {[%emt 0:00:25]} Rfd8 {[%emt 0:01:26]} 15. a4 {[%emt 0:02:02]} a5 {[%emt 0:00:56]} 16. Rfb1 {[%emt 0:00:07]} axb4 {[%emt 0:00:14]} 17. cxb4 {[%emt 0:00:09]} Nf8 {[%emt 0:01:44]} 18. a5 {[%emt 0:03:26]} Bxc4 {[%emt 0:00:19]} 19. Qxc4 {[%emt 0:01:41]} Ne6 {[%emt 0:00:02]} 20. b5 {[%emt 0:00:46]} Nd4 {[%emt 0:02:55]} 21. a6 {[%emt 0:00:58]} Bf8 {[%emt 0:06:52]} 22. Nb3 {[%emt 0:01:23]} Qb4 {[%emt 0:03:40]} 23. Qxb4 {[%emt 0:02:16]} Bxb4 {[%emt 0:00:02]} 24. axb7 {[%emt 0:01:02]} Rab8 {[%emt 0:00:48]} 25. Nxd4 {[%emt 0:00:10]} exd4 {[%emt 0:00:02]} 26. Bf4 {[%emt 0:00:17]} Bd6 {[%emt 0:01:09]} 27. Bxd6 {[%emt 0:00:28]} Rxd6 {[%emt 0:01:24]} 28. Ra8 {[%emt 0:00:26]} Rdd8 {[%emt 0:00:01]} 29. Rba1 {[%emt 0:01:13]} Kg7 {[%emt 0:00:06]} 30. Kf2 {[%emt 0:00:01]} Kf6 {[%emt 0:00:12]} 31. Ke2 {[%emt 0:00:05]} Ke7 {[%emt 0:00:49]} 32. R8a7 {[%emt 0:02:31]} Rd6 {[%emt 0:00:26]} 33. R1a6 {[%emt 0:00:01]} d3+ {[%emt 0:01:37]} 34. Kd2 {[%emt 0:00:06]} Ke6 {[%emt 0:00:30]} 35. f4 {[%emt 0:01:36]} Kd7 {[%emt 0:00:04]} 36. g3 {[%emt 0:02:25]} Rd4 {[%emt 0:00:40]} 37. e5 {[%emt 0:00:01]} Rb4 {[%emt 0:00:14]} 38. Ra5 {[%emt 0:00:26]} Rb3 {[%emt 0:00:06]} 39. h3 {[%emt 0:00:54]} h5 {[%emt 0:00:03]} 40. Ra3 {[%emt 0:01:56]} Rxb5 {[%emt 0:00:25]} 41. Rxd3+ {[%emt 0:00:01]} Ke6 {[%emt 0:00:38]} 42. Ra6+ {[%emt 0:00:09]} Ke7 {[%emt 0:00:13]} 43. Rc6 {[%emt 0:01:15]} R8xb7 {[%emt 0:00:05]} 44. Rdc3 {[%emt 0:00:00]} Kd7 {[%emt 0:00:16]} 45. g4 {[%emt 0:00:03]} hxg4 {[%emt 0:00:02]} 46. hxg4 {[%emt 0:00:01]} R5b6 {[%emt 0:00:35]} 47. R6c5 {[%emt 0:00:14]} Rb5 {[%emt 0:00:02]} 48. R5c4 {[%emt 0:00:04]} Rb4 {[%emt 0:00:10]} 49. Ke3 {[%emt 0:00:26]} Rxc4 50. Rxc4 {[%emt 0:00:01]} Rb1 {[%emt 0:00:47]} 51. Kd4 {[%emt 0:00:01]} Rg1 {[%emt 0:00:11]} 52. g5 {[%emt 0:00:20]} Rf1 {[%emt 0:00:21]} 53. Ke4 {[%emt 0:00:38]} Re1+ {[%emt 0:00:02]} 1/2-1/2

[Event "Shanghai COITCT 2019"]
[Site "Shanghai"]
[Date "2019.09.17"]
[Round "7.2"]
[White "Kabilov, Amin"]
[Black "Kurbonboeva, Sarvinoz"]
[Result "1-0"]
[WhiteElo "2199"]
[BlackElo "2262"]
[Annotator "NA"]
[PlyCount "71"]
[EventDate "2019.09.15"]
[EventType "team-tourn"]
[EventCountry "CHN"]
[SourceTitle "playchess.com"]
[Source "ChessBase"]
[SourceQuality "1"]
[TimeControl "1500+10"]

1. d4 {[%emt 0:00:00]} Nf6 {[%emt 0:00:00]} 2. c4 {[%emt 0:00:00]} g6 {[%emt 0:00:00]} 3. Nc3 {[%emt 0:00:00]} Bg7 {[%emt 0:00:00]} 4. e4 {[%emt 0:00:00]} d6 {[%emt 0:00:02]} 5. Nf3 {[%emt 0:00:00]} O-O {[%emt 0:00:02]} 6. Be2 {[%emt 0:00:00]} e5 {[%emt 0:00:06]} 7. O-O {[%emt 0:00:02]} Nc6 {[%emt 0:00:30]} 8. d5 {[%emt 0:00:03]} Ne7 {[%emt 0:00:01]} 9. b4 {[%emt 0:00:01]} a5 {[%emt 0:00:55]} 10. bxa5 {[%emt 0:00:39]} Rxa5 {[%emt 0:00:05]} 11. a4 {[%emt 0:00:02]} Nh5 {[%emt 0:02:39]} 12. Re1 {[%emt 0:00:05]} f5 {[%emt 0:00:32]} 13. Nd2 {[%emt 0:02:23]} Nf6 {[%emt 0:01:04]} 14. Ba3 {[%emt 0:00:43]} b6 {[%emt 0:01:12]} 15. Bb4 {[%emt 0:00:13]} Ra8 {[%emt 0:00:06]} 16. f3 {[%emt 0:02:02]} f4 {[%emt 0:04:05]} 17. Nb3 {[%emt 0:00:11]} Re8 {[%emt 0:05:31]} 18. Nb5 {[%emt 0:02:03]} Nd7 {[%emt 0:02:27]} 19. a5 {[%emt 0:03:21]} Nc5 {[%emt 0:00:03]} 20. Qc2 {[%emt 0:03:09]} c6 {[%emt 0:00:30]} 21. Nxd6 {[%emt 0:00:15]} Rf8 {[%emt 0:04:33]} 22. Nxc8 {[%emt 0:02:41]} Rxc8 {[%emt 0:00:40]} 23. d6 {[%emt 0:01:05]} Nd5 {[%emt 0:01:17]} 24. Bxc5 {[%emt 0:00:40]} bxc5 {[%emt 0:00:09]} 25. cxd5 {[%emt 0:00:40]} cxd5 {[%emt 0:00:04]} 26. exd5 {[%emt 0:01:38]} Qxd6 {[%emt 0:00:18]} 27. Bc4 {[%emt 0:00:04]} e4 {[%emt 0:01:40]} 28. Ra2 {[%emt 0:01:08]} e3 {[%emt 0:00:11]} 29. a6 {[%emt 0:00:09]} Ra8 {[%emt 0:00:33]} 30. a7 {[%emt 0:00:51]} Rf7 {[%emt 0:00:06]} 31. Ra6 {[%emt 0:00:04]} Qd7 {[%emt 0:00:32]} 32. d6 {[%emt 0:00:04]} Rxa7 {[%emt 0:00:03]} 33. Bxf7+ {[%emt 0:00:06]} Qxf7 {[%emt 0:00:04]} 34. Rxa7 {[%emt 0:00:03]} Qxa7 {[%emt 0:00:01]} 35. Qc4+ {[%emt 0:00:01]} Kh8 {[%emt 0:00:19]} 36. Qxc5 {[%emt 0:00:09]} 1-0